03281nab a22005777 4500003000900000022001400009040001800023041000800041044000700049245004600056260002500102300004300127505001100170505002300181505002900204505015500233505001700388505010200405505002300507505009400530505002100624505010100645505001800746505010700764505003700871505013100908505001401039505016101053505003801214505012401252505001601376505017301392505002101565505011801586505001301704505003401717505010401751505004801855505008601903505001701989505010402006505008102110505005702191505005402248505005802302505010702360505005102467505007802518650003302596773007402629AR-RoUNA a0327-9022 aAR-RoUNAbspa aspa aag aSumma+ / bHOTELES / COMERCIOS / OFICINAS aBuenos Aires ,c1993 a128 p. :bil. byn.bplanosc34 X25 cm.0 tINDICE0 tCONTENTS - HOTELES0 tESPACIALIDAD PIRANESIANA0 aBaudizzone-Lestard / Provedo-Quintiero / Hotel Centro de Convenciones, Casino y Centro de entretenimiento en la ciudad de Rosario, Rosario, 2009. p. 40 tSEGUNDA PIEL0 aRodrigo Duque Motta - RafaelHevia García Huidobro / Casino y Hotel de Talca, Chile, 2008. p. 240 tCURVAS EN EL STRIP0 aPelli Clarke Pelli architects / Aria Resort & Casino, Nevada, Estados Unidos, 2009. p. 340 tPLEGADO INTERIOR0 aGraft-Lars Krückeberg-Wolfram Putz- Thomas Willemet / Hotel Q, Berlín, Alemania, 2004. p. 420 tPATIO LATERAL0 aLegorreta + Legorreta - Serrano Monjaraz / La purificadora Hotel Boutique, Puebla, Mexico, 2007. p. 480 tRESTAURAR, CONSERVAR, CONSOLIDAR0 aArquitectonica - López - Leyt - López - Yablon / CasaParaná Hotel Boutique, Ciudad autonoma de Buenos Aires, 2009. p. 540 tCOMERCIOS0 aAlexandre Ribeiro Gonçalves / Laboratorio de Investigación Ecológica y Educación científica de la Universidad Estadual de Goiás, Brasil. p. 20080 tESPACIO RENOVABLES - BUENOS AIRES0 aAlejandro Sticotti / Net, Showrrom, estudio de diseño y de arquitectura, Ciudad autonoma de Buenos Aires, 2009. p. 620 tFONDO Y LUZ0 tEli Bottrich de Agüero, Sol Agüero y Sebastian Agüero / Iluminacion Agüero, local de ventas, oficinas y de positos, Ciudad autonoma de Buenos Aires, 2009. p. 680 tENLACES VISUALES0 aHM.arq -Hitzig - Militello / Objeto A, Galería de Arte + Talleres, ciudad autonoma de Buenos Aires, 2008. p. 740 tOFICINAS0 tENVOLVENTE UNIFORME - CORDOBA0 aAFT Atelman -Fourcade- Tapia / Nueva Sede Corporativa Benito Roggio e Hijos, Córdoba, 2008. p. 820 tPATAGONIA Y PATRIMONIO - COMODORO RIVADAVIA0 aHampton -Rivoira / Nuevas oficinas YPF en Comodora Rivadavia, Chubut, 2008. p. 900 tBORDE URBANO0 aLacroze Miguens Prati Arqs / Oficianas Working Ocampo, ciudad autonoma de Buenos Aires, 2008. p. 960 aPablo Beitía y Julio Centeno / Jorge Sabaté y la nueva Argentina. p. 1020 aFernando Diez / México DF: 3er Foro Holcim. p. 1140 aIgancio Ros de Olano / Las Vegas en papel. p. 1170 aRafael E. J. Iglesia / Como flecha en el aire. p. 1190 aRoberto Fernández / El elemento Austrohúngaro: vida y proyectos californianos de Schindler. p. 1220 aMario Sabugo / Lugano, según Minelli. p. 1260 aInés Möisset / Bicentenario y arquitectura: Modelo para armar. p. 128 aArquitectura contemporánea0 aSumma+dBuenos Aires, ArgentinagNº109 (jul-2010), p. 128x0327-9022